Loading...
Social Science | 0 | 9 | 0 | 0 | 90 | 23 | 65.89 | 7 | 9 |
Fine Arts - Classical Music | 0 | 8 | 1 | 2 | 75 | 27 | 74.13 | 3 | 8 |
Science - Other Science | 0 | 6 | 0 | 0 | 60 | 26 | 65.83 | 4 | 6 |
Science - Physics | 0 | 6 | 0 | 1 | 60 | 42 | 83.00 | 3 | 6 |
Science - Biology | 0 | 6 | 1 | 0 | 55 | 34 | 73.17 | 3 | 6 |
Fine Arts - Other Fine Arts | 0 | 5 | 0 | 0 | 50 | 35 | 87.60 | 1 | 5 |
Religion | 0 | 4 | 0 | 0 | 40 | 42 | 73.00 | 2 | 4 |
Science - Chemistry | 0 | 4 | 0 | 1 | 40 | 55 | 91.75 | 1 | 4 |
Philosophy | 0 | 4 | 0 | 1 | 40 | 61 | 91.50 | 0 | 4 |
Other | 0 | 3 | 0 | 0 | 30 | 22 | 63.67 | 2 | 3 |
Fine Arts - Painting & Sculpture | 0 | 3 | 2 | 1 | 20 | 50 | 98.67 | 1 | 3 |
History - Other History | 0 | 2 | 0 | 1 | 20 | 70 | 100.00 | 1 | 2 |
Literature - British Literature | 0 | 1 | 0 | 0 | 10 | 106 | 106.00 | 0 | 1 |
History - American History | 0 | 1 | 0 | 0 | 10 | 88 | 88.00 | 0 | 1 |
Literature - European Literature | 0 | 1 | 1 | 0 | 5 | 95 | 95.00 | 1 | 1 |
Mythology | 0 | 1 | 1 | 1 | 5 | 139 | 139.00 | 0 | 1 |
Literature - American Literature | 0 | 1 | 1 | 0 | 5 | 94 | 94.00 | 0 | 1 |
History - World History | 0 | 1 | 1 | 0 | 5 | 84 | 84.00 | 1 | 1 |
Literature - World Literature | 0 | 1 | 1 | 0 | 5 | 79 | 79.00 | 1 | 1 |